| 000 | 00474pab a2200169 454500 | ||
|---|---|---|---|
| 008 | 180718b2009 xxu||||| |||| 00| 0 eng d | ||
| 100 | _aNang, Leung Pak | ||
| 245 | _aThe radicalisation of the new Chinese working class: a case study of collective action in the gemstone industry | ||
| 260 | _c2009 | ||
| 300 | _ap.551-65. | ||
| 650 | _aWorkers - China | ||
| 650 | _aWorkers | ||
| 700 | _aNgai, Pun | ||
| 773 | _aThird World Quarterly | ||
| 908 | _aN | ||
| 909 | _a82262 | ||
| 999 |
_c82262 _d82262 |
||